Avances de los planes de descontaminación atmosférica de las megafuentes mineras

محفوظ في:
التفاصيل البيبلوغرافية
مؤلفون مشاركون: Comisión Nacional del Medio Ambiente (مؤلف), CONAMA (مؤلف)
التنسيق: كتاب
اللغة:الإسبانية
منشور في: Santiago CONAMA 2009
الموضوعات:
الوسوم: إضافة وسم
لا توجد وسوم, كن أول من يضع وسما على هذه التسجيلة!

MARC

LEADER 00000cam a2200000 a 4500
001 UCG8420
003 CL-VaPUC
008 111212e20090000CL |||||||||||||||||spa|d
082 0 4 |a 363.731  |b COM  |2 21 
110 2 |a Comisión Nacional del Medio Ambiente  |e author  |9 559457 
710 2 |a CONAMA  |e author  |9 559458 
245 1 0 |a Avances de los planes de descontaminación atmosférica de las megafuentes mineras 
300 |a 141 p 
942 |c BK 
945 |d 20111212 00:00:00  |a cmena 
260 |a Santiago  |b CONAMA  |c 2009 
650 0 |a Contaminación ambiental  |9 314181 
650 7 |a CONTAMINACION INDUSTRIAL  |2 CL-VaPUC  |9 261690 
650 0 |a Industria minera  |9 260256 
650 7 |a CALIDAD DEL AIRE  |2 CL-VaPUC  |9 390994 
650 0 |a Responsabilidad social  |9 339076 
583 |a last modification  |c 20111212 13:13:00  |k Rodrigo Vera 
999 |c 346030  |d 346028 
952 |0 0  |1 0  |4 0  |6 363_731000000000000_COM_2009  |7 0  |8 A  |9 446496  |a BIBING  |b BIBING  |d 2019-11-22  |i 4812522  |o 363.731 COM 2009  |p 4812522  |r 2025-01-20  |w 2019-11-22  |y BK  |k GEO 
952 |0 0  |1 0  |4 0  |6 363_731000000000000_COM_2009  |7 0  |8 A  |9 446497  |a BIBING  |b BIBING  |d 2019-11-22  |i 4843924  |o 363.731 COM 2009  |p 4843924  |r 2025-01-20  |w 2019-11-22  |y BK  |k ING